Sunset with God (Record no. 5807)

MARC details
000 -LEADER
fixed length control field 00782nam a2200265 a 4500
001 - CONTROL NUMBER
control field 1184970
003 - CONTROL NUMBER IDENTIFIER
control field GBCCL
005 - DATE AND TIME OF LATEST TRANSACTION
control field 20241126110550.0
008 - FIXED-LENGTH DATA ELEMENTS--GENERAL INFORMATION
fixed length control field 970114s1996 oku b 000 0 eng
010 ## -
-- 97104225
020 ## - INTERNATIONAL STANDARD BOOK NUMBER
International Standard Book Number 1562920316
040 ## - CATALOGING SOURCE
Original cataloging agency DLC
Transcribing agency DLC
050 00 -
-- BV4801
-- .S87 1996
082 00 - DEWEY DECIMAL CLASSIFICATION NUMBER
Classification number 242.5
Item number SUN
245 00 - TITLE STATEMENT
Title Sunset with God
250 ## - EDITION STATEMENT
Edition statement 8th Printing
260 ## - PUBLICATION, DISTRIBUTION, ETC.
Place of publication, distribution, etc. Tulsa:
Name of publisher, distributor, etc. Honor Books, Inc.,
Date of publication, distribution, etc. c1996.
300 ## - PHYSICAL DESCRIPTION
Extent 199 p. ;
Dimensions 18 cm.
440 #4 - SERIES STATEMENT/ADDED ENTRY--TITLE
Title Quiet moments with God
9 (RLIN) 10510
504 ## - BIBLIOGRAPHY, ETC. NOTE
Bibliography, etc. note Includes bibliographical references (p. [201-207]).
650 #0 - SUBJECT ADDED ENTRY--TOPICAL TERM
Topical term or geographic name entry element Devotional literature.
9 (RLIN) 489
906 ## - LOCAL DATA ELEMENT F, LDF (RLIN)
a 7
b cbc
c orignew
d 3
e ncip
f 19
g y-gencatlg
942 ## - ADDED ENTRY ELEMENTS (KOHA)
Source of classification or shelving scheme Dewey Decimal Classification
Koha item type Books
Holdings
Withdrawn status Lost status Source of classification or shelving scheme Damaged status Not for loan Home library Current Library Shelving location Date acquired Total checkouts Full call number Barcode Date last seen Copy number Price effective from Koha item type
    Dewey Decimal Classification     GRACE BIBLE COLLEGE GRACE BIBLE COLLEGE Ministry & Mission 2018-04-09   242.5 SUN 008192 2025-05-01 c.1 2018-04-09 Books
© Grace Bible College Library 2025